000 00561nam a2200217Ia 4500
003 OSt
005 20220928144658.0
006 a|||||r|||| 00| 0
007 ta
008 220927b |||||||| |||| 00| 0 eng d
024 _a73001
037 _cTextual
040 _aSDCL
_cSDCL
_beng
041 _2eng
_aeng
082 _aO1285,4M84x, L5.1
100 _aKrause David Ed.
_9509054
245 0 _aLetters of sean O'Casey 1910-41
260 _c1976
942 _hO1285,4M84x, L5.1
_cTEXL
_2CC
999 _c828909
_d828909